| 000 | 00707nam0a22002531 4500 | ||
|---|---|---|---|
| 001 | RU\NLR\A2V16\35474 | ||
| 005 | 20251203171251.9 | ||
| 035 | _a(NLR Aleph) 009838533 | ||
| 090 |
_a10303316 _c10303316 |
||
| 100 | _a20040112d1583 u y0rusy50 ca | ||
| 101 | 0 | _alat | |
| 102 | _aRU | ||
| 200 | 1 | _aAntiquitatu nonnulla ut sunt epitaphia, elegia etc. | |
| 210 |
_aRegiomonti [Kaliningrad] _d1583 |
||
| 215 | _d8° | ||
| 620 | _dKaliningrad | ||
| 700 | 1 |
_aScrinius _bM. _gMichael _4070 |
|
| 801 | 0 |
_aRU _bNLR _c20040112 |
|
| 852 |
_aNLR _j6.3.6.91 |
||
| 942 | _cBOOK | ||
| 980 | _aNB | ||
| 980 | _ain16 | ||